AP World History #3 - Statistics

General Stats
  • This quiz has been taken 389 times
  • The average score is 6 of 10
Answer Stats
Hint Answer % Correct
Mughal Empire is based in here India
88%
Origin of the Boxer Rebellion China
82%
Country which followed serfdom Russia
79%
First country to rapidly industrialize Britain
74%
Iberian country that had a short-term Muslim period Spain
72%
Besides China, India, and the Ottoman Empire, this country accepts Western ideas beforehand Japan
70%
Country affected by Turkish nationalism, specifically the Young Turks Armenia
46%
Part of Ottoman Empire that soon became the Saud Dynasty Saudi Arabia
38%
Biggest (in area) British informal colony in South America Brazil
36%
A mixed-race population ruled by Jacques Dessalines Haiti
31%
No matching quizzes found
Score Distribution
Percent of People with Each Score
Percentile by Number Answered
Your Score History
You have not taken this quiz